| 000 | 00793nam a2200229 a 4500 | ||
|---|---|---|---|
| 001 | 000043404 | ||
| 005 | 20201002040902.0 | ||
| 008 | 140314s1975 sp 000 0 spa d | ||
| 020 | _a8420640328 | ||
| 040 |
_aDO-SdBNP _bspa _cBNPHU |
||
| 041 | 1 | 7 |
_aspa _heng |
| 082 |
_axxx _bxxx |
||
| 100 | 1 |
_aWaugh, Hillary _971064 |
|
| 240 | 1 | 0 |
_aRun when I say go. _lEspañol |
| 245 | 1 | 0 |
_aCorra cuando diga ¡ya! / _cHillary Waugh ;traductor, Nelida Corvalán de Machain. |
| 260 |
_a[Buenos Aires] : _bEmecé, _c1975. |
||
| 300 |
_a238 p. ; _c18 cm. |
||
| 490 | 1 |
_aSelecciones del séptimo círculo _v32 |
|
| 500 | _aIncluye referencias bibliográficas y notas al pie de las páginas | ||
| 700 | 1 | 2 |
_aCorvalán de Machain, Nelida _etr. _971065 |
| 830 | 0 |
_aSelecciones del séptimo círculo ; _n32 _971066 |
|
| 999 |
_c42893 _d42893 |
||